| 000 | 00475cam a2200181ua 4500 | ||
|---|---|---|---|
| 020 | _c30.00 | ||
| 041 |
_aeng _h |
||
| 082 |
_a512 _bRIC/AL |
||
| 100 | _aRichardson, Clarence H . | ||
| 245 |
_aAlgebra: commercial- statistical / _cClarence H Richardson. _hTextual Documents |
||
| 260 |
_aToronto : _bD Van nostrand co , _c1951. |
||
| 300 | _a233 ; . | ||
| 365 | _a30.00 | ||
| 504 | _a | ||
| 700 | 1 | _aMiller, Isaiah Leslie . | |
| 942 | _cBK | ||
| 999 |
_c9152 _d9152 |
||